|
|
|
|
| LEADER |
01068nam a2200229 u 4500 |
| 001 |
10118249 |
| 003 |
GR-PaULI |
| 005 |
20240801102513.0 |
| 008 |
151111s1992 gr gre d |
| 020 |
|
|
|a 9603360015
|
| 040 |
|
|
|a GR-PaULI
|c GR-PaULI
|b gre
|e AACR2
|
| 082 |
1 |
4 |
|a 709.495
|2 23
|
| 100 |
1 |
|
|a Καΐμη, Τζούλιο,
|d 1897-1982
|e συγγραφέας.
|9 147415
|
| 245 |
1 |
0 |
|a Συναντήσεις με τους Φώτη Κόντογλου, Γιαννούλη Χαλεπά, Ν. Χατζηκυριάκο - Γκίκα /
|b
|c Τζούλιο Καΐμη.
|
| 260 |
|
|
|a Αθήνα :
|b Γαβριηλίδης,
|c 1992.
|
| 300 |
|
|
|a 75, [2] σ. ;
|b
|c 25 εκ.
|
| 600 |
1 |
0 |
|a Κόντογλου, Φώτης,
|d 1895-1965
|9 31060
|
| 600 |
1 |
0 |
|a Χαλεπάς, Γιαννούλης,
|d 1851-1938
|9 25796
|
| 600 |
1 |
0 |
|a Χατζηκυριάκος - Γκίκας, Νικόλαος,
|d 1906-1994
|9 3562
|
| 942 |
|
|
|2 ddc
|c BK
|
| 952 |
|
|
|0 0
|1 0
|2 ddc
|4 0
|7 0
|9 381794
|a LISP
|b LISP
|c DON
|d 2024-07-09
|e ΜΑΡ
|i 366910
|l 0
|o
|p 025000312778
|r 2024-07-09 00:00:00
|t 1
|w 2024-07-09
|y BKN
|
| 999 |
|
|
|c 221842
|d 221842
|